A través del espacio y del tiempo / (Record no. 116424)

MARC details
000 -LEADER
campo de control de longitud fija 00529nam a2200169 4500
001 - NÚMERO DE CONTROL
campo de control 116424
003 - IDENTIFICADOR DE NÚMERO DE CONTROL
campo de control ES-MaACL
005 - FECHA Y HORA DE LA ÚLTIMA TRANSACCIÓN
campo de control 20230906190714.0
007 - CAMPO FIJO DE DESCRIPCIÓN FÍSICA--INFORMACIÓN GENERAL
campo de control de longitud fija t|
008 - DATOS DE LONGITUD FIJA--INFORMACIÓN GENERAL
campo de control de longitud fija 061121s1967 sp r ||||1| spa d
100 1# - ENTRADA PRINCIPAL--NOMBRE DE PERSONA
Nombre de persona Osten-Sacken, Peter von der.
9 (RLIN) 87810
245 10 - MENCIÓN DEL TÍTULO
Título A través del espacio y del tiempo /
Mención de responsabilidad, etc. Peter von der Osten-Sacken ; versión española de Carlota Romero.
260 ## - PUBLICACIÓN, DISTRIBUCIÓN, ETC.
Lugar de publicación, distribución, etc. Madrid :
Nombre del editor, distribuidor, etc. Gredos,
Fecha de publicación, distribución, etc. 1967.
300 ## - DESCRIPCIÓN FÍSICA
Extensión 391 p. ;
Dimensiones 19 cm.
700 1# - ENTRADA AGREGADA--NOMBRE PERSONAL
Nombre de persona Romero, Carlota.
9 (RLIN) 99309
852 ## - LOCALIZACIÓN
Ubicación ES-MaACL
Número de control de estantería C-32645
Sublocalización o colección R.63108
Holdings
Estatus retirado Estado de pérdida Estado de daño No para préstamo Biblioteca de origen Biblioteca actual Ubicación en estantería Fecha de adquisición Fuente de adquisición Total de préstamos Signatura topográfica completa Código de barras Visto por última vez Precio de reemplazo Tipo de ítem Koha
        Biblioteca del Ateneo de Madrid Biblioteca del Ateneo de Madrid Depósito 2 17/01/2008     C-32645 1121406 23/02/2023 23/02/2023 Libro impreso